Normal view
MARC view
- Usama bin Nasar Syed Bilal Osama Hayat Hammad Riaz
Entry Personal Name
001 - CONTROL NUMBER
- control field: 71504
003 - CONTROL NUMBER IDENTIFIER
- control field: NUST
005 - DATE AND TIME OF LATEST TRANSACTION
- control field: 20210628204637.0
008 - FIXED-LENGTH DATA ELEMENTS
- fixed length control field: 210628|| aca||aabn | a|a d
040 ## - CATALOGING SOURCE
- Original cataloging agency: NUST
- Transcribing agency: NUST
100 ## - HEADING--PERSONAL NAME
- Personal name: Usama bin Nasar Syed Bilal Osama Hayat Hammad Riaz
670 ## - SOURCE DATA FOUND
- Source citation: Work cat.: (NUST): Usama bin Nasar Syed Bilal Osama Hayat Hammad Riaz, PR-SOF-1792-FOUR AXIS HOT WIRE FOAM CUTTER BASED ON COMPUTER NUMERIC CONTROL, 2019
